01120nam a2200325 a 4500001001000000003000900010005001700019007000300036008004100039020001800080040003100098082002900129100004800158245010500206260002100311264004600332300002800378336002700406337003300433338002800466490001600494504003900510600004000549650003700589650002700626650002500653700004300678700004400721700002900765000014108DO-SdBPM20250910115141.0ta091204s2009 dr 000 p spa d a9789945427912 aDO-SdBPMbspacBPMSU drda 4aRD861.44bM843c 20092221 aMoreno Jimenes, Domingo d1894-1986eautor 13aLa canción del olvido y otros poemas postumistas /cselección Plinio Chahín, Basilio Belliard. bNacional,c2009. aSanto Domingo :bEditora Nacional, c2009 a99 páginas ;c23 cm. atextobtxt2rdacontent asin mediaciónbn2rdamedia avolumenbnc2rdacarrier0 aAntología aBibliografías (páginas 96-99).14aMoreno Jimenes, Domingo d1894-1986 7aPoesía dominicanaxColecciones 7aLiteratura dominicana.z aDominican literature1 aChahín, Plinio,d1959-eselección 1 aBelliard, Basilio,d1966-eselección z aBilliard, Basiliod1966-